000 00631cab a2200205 4500
001 WB2524-12
008 090401t1989 xxu||||| |||| 00| 0 eng d
035 _a(Sirsi) u62106
041 _aeng
245 _aDanger for UK agents in France
260 _c1989
350 _a0
490 _aFinancial Adviser
_vno 109 22/6/89 p9
520 _aBritish estate agents selling property in France could face severe penalties if they do not comply with the country`s strict property law, Loi Hoguet .
650 _aHOUSE PURCHASE
650 _aSINGLE MARKET
690 _aEUROPE-SINGLE MARKET
942 _n0
948 _c04/03/1997
999 _c38571
_d38571